Civilizing rituals : inside public art museums

Αποθηκεύτηκε σε:
Λεπτομέρειες βιβλιογραφικής εγγραφής
Κύριος συγγραφέας: Duncan, Carol
Μορφή: Βιβλίο
Γλώσσα:English
Δημοσίευση: London : Routledge, c2004
Σειρά:Re visions (London, England)
Θέματα:
Ετικέτες: Προσθήκη ετικέτας
Δεν υπάρχουν, Καταχωρήστε ετικέτα πρώτοι!

MARC

LEADER 00000nam a2200000 i 4500
001 1/72551
008 050302s2004 eng d
020 |a 0-415-07012-0 (pbk) 
035 |l 10076848 
040 |a GR-MY-UA  |b gre  |e aacr 
041 0 |a eng 
082 0 |a 708  |2 (21) 
100 1 |a Duncan, Carol. 
245 1 0 |a Civilizing rituals :  |b inside public art museums /  |c Carol Duncan 
260 |a London :   |b Routledge,   |c c2004 
300 |a x, 178 σ.;  |b εικ.;  |c 24 εκ. 
490 1 |a Re visions:critical studies ih the history and theory of art 
500 |a Επανεκδόσεις 1996, 1997, 2000, 2001, 2002, 2004 
504 |a Περιέχει βιβλιογραφικές παραπομπές και ευρετήριο 
650 0 0 |a Art museums  |x Social aspects. 
650 0 0 |a Art museums visitors. 
830 0 |a Re visions (London, England) 
852 |a INST  |b LESVOS  |e 20050302  |h 708 DUN  |p 005100030163  |q 005100030163  |t BK  |y 0 
901 |a BIBL1-2005-1 
909 |a Λ  |b 113775 
920 |a ΔΙΕΥΡΥΝΣΗ  |b ΕΠΕΑΕΚ/ΠΤΕ  |y ΛΕΣΒΟΣ  |z 2004-10 
970 |a ΜΑΡΙΝΑΤΟΥ  |b ΜΥΡΣΙΝΗ  |z 2005/03/02